000 00336 a2200145 4500
003 Nust
005 20170207154038.0
040 _cNust
100 _aUrquhart, Paul
245 _aAdvances in Optical Amplifiers (E-BOOK)
_cPaul Urquhart
260 _aInTech
_bIndia
_c2011
300 _a452 p
650 _aOptical Amplifiers
651 _aE-BOOK
942 _2ddc
_cBK
999 _c192476
_d192476